000 00854nam a22002417a 4500
003 DO-SdBNP
005 20220722132449.0
007 ta
008 220722b2004 ||||ao|| |||| 001 0 spa d
010 _aspa
040 _aDO-SdBNP
_bspa
_cBNPHU
082 4 _222
_a368.97293
_bR426i
110 _aRepública Dominicana.
_bSuperintendencia de Seguros
_954169
245 1 0 _aInforme de gestión 2000 - 2004 :
_bSuperintendencia de Seguros / edición al cuidado de Rossanna Figueroa
260 _aSanto Domingo :
_bSuperintendencia de Seguros,
_c2004.
300 _a141 p.:
_bil.; fots.;
_c26 cm
590 _aInventariado, 2022 / SA
650 4 0 _937092
_aSeguros
650 4 0 _aSeguros
_zRepública Dominicana
_937092
700 _aFigueroa, Rossanna
_eEdicción
_982081
700 _aCassó, Eliseo
_dFotografías
_982082
_eFotografías
942 _2ddc
_cLBS1
999 _c52223
_d52223